UEFA Champions League Sieger - Statistiken

Allgemein
  • Dieses Quiz wurde 276 mal gespielt
    54 seit der letzten Aktualisierung
  • Das Durchschnittsergebnis liegt bei 62 aus 70
Antwortstatistiken
Saison Sieger % Korrekt
1955/56 Real Madrid
100%
1956/57 Real Madrid
100%
1957/58 Real Madrid
100%
1958/59 Real Madrid
100%
1959/60 Real Madrid
100%
1965/66 Real Madrid
100%
1997/98 Real Madrid
100%
1999/00 Real Madrid
100%
2001/02 Real Madrid
100%
2013/14 Real Madrid
100%
2015/16 Real Madrid
100%
2016/17 Real Madrid
100%
2017/18 Real Madrid
100%
2021/22 Real Madrid
100%
2023/24 Real Madrid
100%
1991/92 FC Barcelona
98%
2005/06 FC Barcelona
98%
2008/09 FC Barcelona
98%
2010/11 FC Barcelona
98%
2014/15 FC Barcelona
98%
1973/74 FC Bayern München
98%
1974/75 FC Bayern München
98%
1975/76 FC Bayern München
98%
2000/01 FC Bayern München
98%
2012/13 FC Bayern München
98%
2019/20 FC Bayern München
98%
2024/25 Paris Saint-Germain
96%
1976/77 FC Liverpool
94%
1977/78 FC Liverpool
94%
1980/81 FC Liverpool
94%
1983/84 FC Liverpool
94%
2004/05 FC Liverpool
94%
2018/19 FC Liverpool
94%
2022/23 Manchester City
94%
1967/68 Manchester United
94%
1998/99 Manchester United
94%
2007/08 Manchester United
94%
2011/12 FC Chelsea
92%
2020/21 FC Chelsea
92%
1963/64 Inter Mailand
92%
1964/65 Inter Mailand
92%
2009/10 Inter Mailand
92%
1962/63 AC Mailand
90%
1968/69 AC Mailand
90%
1988/89 AC Mailand
90%
1989/90 AC Mailand
90%
1993/94 AC Mailand
90%
2002/03 AC Mailand
90%
2006/07 AC Mailand
90%
1970/71 Ajax Amsterdam
88%
1971/72 Ajax Amsterdam
88%
1972/73 Ajax Amsterdam
88%
1994/95 Ajax Amsterdam
88%
1996/97 Borussia Dortmund
82%
1984/85 Juventus Turin
82%
1995/96 Juventus Turin
82%
1986/87 FC Porto
78%
2003/04 FC Porto
78%
1982/83 Hamburger SV
76%
1992/93 Olympique Marseille
74%
1960/61 Benfica Lissabon
72%
1961/62 Benfica Lissabon
72%
1978/79 Nottingham Forest
66%
1979/80 Nottingham Forest
66%
1966/67 Celtic Glasgow
64%
1990/91 Roter Stern Belgrad
64%
1987/88 PSV Eindhoven
62%
1981/82 Aston Villa
52%
1969/70 Feyenoord Rotterdam
52%
1985/86 Steaua Bukarest
42%
Keine übereinstimmenden Quizze gefunden
Verteilung der Resultate
Anzahl Personen mit jedem Resultat
Perzentil nach korrekt beantworteten Fragen
Ihre Resultats-Entwicklung
Sie haben dieses Quiz seit der letzten Aktualisierung nicht gespielt